000 00523nam a2200169 i 4500
001 74612
003 ES-MaACL
005 20230906172204.0
007 t|
008 040920s1961 sp ||||1| spa d
100 1 _aGonzález-Mariño, Nicolás.
_958779
245 1 0 _aTrigonometría
_b: (rectilínea y esférica) /
_cpor Nicolás González-Mariño.
250 _a3ª ed.
260 _aMadrid :
_b[s.n.,
_c1961] (
_fTall. Fabrica Nacional)
300 _aXVI, 336 p. :
_bil. ;
_c22 cm.
852 _aES-MaACL
_jF-6298
_bR.48862
999 _c74612
_d74612